000 00306nam a22001457a 4500
003 SGT
020 _a9788131760291
082 _a658.40
100 _aITL,ESL
245 _aINTRODUCTION TO INFORMATION TECHNOLOGY
250 _a2ND
260 _bPEARSON INDIA
_c2018
300 _a757
942 _2ddc
_cBK
_01
999 _c16339
_d16339